[Event "Team men PL final"]
[Site "Sochi"]
[Date "2018.05.05"]
[Round "5.15"]
[White "Malakhov, Vladimir"]
[Black "Drygalov, Andrey"]
[Result "1-0"]
[BlackElo "2431"]
[WhiteElo "2691"]
[LiveChessVersion "1.4.8"]

1. e4 {[%clk 1:30:35]} e5 {[%clk 1:30:56]} 2. Nf3 {[%clk 1:30:58]} Nc6
{[%clk 1:31:21]} 3. Bb5 {[%clk 1:31:22]} a6 {[%clk 1:31:47]} 4. Ba4
{[%clk 1:31:47]} Nf6 {[%clk 1:32:12]} 5. d3 {[%clk 1:32:10]} d6 {[%clk 1:31:26]}
6. c3 {[%clk 1:31:04]} Be7 {[%clk 1:31:41]} 7. O-O {[%clk 1:30:21]} O-O
{[%clk 1:31:51]} 8. Nbd2 {[%clk 1:30:05]} b5 {[%clk 1:31:19]} 9. Bc2
{[%clk 1:30:23]} Re8 {[%clk 1:30:02]} 10. Re1 {[%clk 1:28:24]} Bf8
{[%clk 1:30:00]} 11. d4 {[%clk 1:15:17]} Bb7 {[%clk 1:21:07]} 12. d5
{[%clk 1:12:25]} Nb8 {[%clk 1:12:59]} 13. c4 {[%clk 1:03:35]} Nbd7
{[%clk 1:09:57]} 14. b4 {[%clk 0:58:17]} Nb6 {[%clk 1:03:06]} 15. cxb5
{[%clk 0:53:33]} axb5 {[%clk 1:03:01]} 16. Nb3 {[%clk 0:53:55]} Nc4
{[%clk 0:42:52]} 17. Nfd2 {[%clk 0:54:11]} c6 {[%clk 0:39:23]} 18. dxc6
{[%clk 0:54:31]} Bxc6 {[%clk 0:39:07]} 19. Nxc4 {[%clk 0:54:57]} bxc4
{[%clk 0:38:53]} 20. Na5 {[%clk 0:55:24]} Rxa5 {[%clk 0:38:02]} 21. bxa5
{[%clk 0:55:48]} Qxa5 {[%clk 0:38:19]} 22. Bd2 {[%clk 0:48:47]} Qa8
{[%clk 0:36:08]} 23. Qf3 {[%clk 0:46:55]} Nd7 {[%clk 0:30:43]} 24. Bb4
{[%clk 0:42:16]} Nf6 {[%clk 0:27:05]} 25. a3 {[%clk 0:38:39]} h6 {[%clk 0:16:31]}
26. Rad1 {[%clk 0:32:59]} d5 {[%clk 0:14:27]} 27. exd5 {[%clk 0:33:24]} Bxd5
{[%clk 0:14:37]} 28. Qh3 {[%clk 0:29:50]} Bxb4 {[%clk 0:10:07]} 29. axb4
{[%clk 0:30:03]} Qb7 {[%clk 0:08:34]} 30. Rb1 {[%clk 0:30:27]} e4
{[%clk 0:08:56]} 31. Qe3 {[%clk 0:27:07]} Re5 {[%clk 0:07:41]} 32. b5
{[%clk 0:24:44]} Rg5 {[%clk 0:07:16]} 33. h3 {[%clk 0:24:33]} Be6
{[%clk 0:06:41]} 34. b6 {[%clk 0:24:06]} Bd5 {[%clk 0:04:25]} 35. Rb5
{[%clk 0:20:22]} Re5 {[%clk 0:03:37]} 36. Ra1 {[%clk 0:19:14]} Re8
{[%clk 0:04:01]} 37. Ra7 {[%clk 0:18:11]} Qc6 {[%clk 0:04:24]} 38. Ba4
{[%clk 0:18:21]} Rb8 {[%clk 0:04:03]} 39. Rc7 {[%clk 0:14:02]} Qd6
{[%clk 0:04:25]} 40. Qd4 {[%clk 0:43:21]} e3 {[%clk 0:33:18]} 41. Qxe3
{[%clk 0:35:50]} Bc6 {[%clk 0:28:50]} 42. Qc5 {[%clk 0:35:27]} Qxc5
{[%clk 0:27:00]} 43. Rxc5 {[%clk 0:35:49]} Bxa4 {[%clk 0:27:13]} 44. Rc8+
{[%clk 0:36:16]} Rxc8 {[%clk 0:27:25]} 45. Rxc8+ {[%clk 0:36:42]} Kh7
{[%clk 0:27:36]} 46. b7 {[%clk 0:37:08]} Nd7 {[%clk 0:27:36]} 47. Rd8
{[%clk 0:36:57]} 1-0

[Event "Team men PL final"]
[Site "Sochi"]
[Date "2018.05.05"]
[Round "5.16"]
[White "Gutenev, Alexander"]
[Black "Riazantsev, Alexander"]
[Result "1/2-1/2"]
[BlackElo "2662"]
[WhiteElo "2474"]
[LiveChessVersion "1.4.8"]

1. e4 {[%clk 1:30:56]} c6 {[%clk 1:30:54]} 2. d4 {[%clk 1:31:14]} d5
{[%clk 1:31:17]} 3. Nd2 {[%clk 1:31:38]} dxe4 {[%clk 1:31:19]} 4. Nxe4
{[%clk 1:32:02]} Bf5 {[%clk 1:31:46]} 5. Ng3 {[%clk 1:32:13]} Bg6
{[%clk 1:32:10]} 6. h4 {[%clk 1:32:30]} h6 {[%clk 1:32:33]} 7. Nf3
{[%clk 1:32:54]} e6 {[%clk 1:32:35]} 8. Ne5 {[%clk 1:28:01]} Bh7 {[%clk 1:32:55]}
9. Bd3 {[%clk 1:26:20]} Bxd3 {[%clk 1:33:03]} 10. Qxd3 {[%clk 1:26:44]} Nd7
{[%clk 1:33:09]} 11. f4 {[%clk 1:25:45]} Be7 {[%clk 1:32:38]} 12. Bd2
{[%clk 1:08:46]} Nxe5 {[%clk 1:30:44]} 13. fxe5 {[%clk 1:08:54]} Bxh4
{[%clk 1:31:07]} 14. O-O-O {[%clk 1:09:05]} Bxg3 {[%clk 1:31:25]} 15. Qxg3
{[%clk 1:09:29]} Ne7 {[%clk 1:31:51]} 16. Qxg7 {[%clk 1:05:59]} Rg8
{[%clk 1:31:05]} 17. Qh7 {[%clk 0:51:22]} Qd5 {[%clk 1:30:38]} 18. Rhf1
{[%clk 0:38:34]} O-O-O {[%clk 1:16:18]} 19. Rxf7 {[%clk 0:35:32]} Qxa2
{[%clk 1:11:59]} 20. c3 {[%clk 0:35:01]} Qa1+ {[%clk 1:11:22]} 21. Kc2
{[%clk 0:31:04]} Qa4+ {[%clk 1:11:45]} 22. Kc1 {[%clk 0:31:32]} Qa1+
{[%clk 1:11:39]} 23. Kc2 {[%clk 0:31:54]} Qa4+ {[%clk 1:12:03]} 24. Kc1
{[%clk 0:32:22]} Qa1+ {[%clk 1:11:28]} 1/2-1/2

[Event "Team men PL final"]
[Site "Sochi"]
[Date "2018.05.05"]
[Round "5.17"]
[White "Bologan, Victor"]
[Black "Drygalov, Sergey"]
[Result "1/2-1/2"]
[BlackElo "2418"]
[WhiteElo "2610"]
[LiveChessVersion "1.4.8"]

1. e4 {[%clk 1:30:53]} e5 {[%clk 1:30:57]} 2. Nf3 {[%clk 1:31:18]} Nc6
{[%clk 1:31:24]} 3. Bb5 {[%clk 1:31:34]} a6 {[%clk 1:31:37]} 4. Ba4
{[%clk 1:31:58]} Nf6 {[%clk 1:31:58]} 5. O-O {[%clk 1:32:22]} Be7
{[%clk 1:32:15]} 6. Re1 {[%clk 1:32:45]} b5 {[%clk 1:32:40]} 7. Bb3
{[%clk 1:33:10]} d6 {[%clk 1:33:01]} 8. c3 {[%clk 1:33:35]} O-O {[%clk 1:33:17]}
9. h3 {[%clk 1:33:57]} Bb7 {[%clk 1:33:26]} 10. d4 {[%clk 1:34:08]} Re8
{[%clk 1:32:45]} 11. Nbd2 {[%clk 1:34:27]} Bf8 {[%clk 1:33:01]} 12. a3
{[%clk 1:34:18]} h6 {[%clk 1:33:26]} 13. Bc2 {[%clk 1:34:37]} Nb8
{[%clk 1:32:56]} 14. b3 {[%clk 1:33:42]} Nbd7 {[%clk 1:32:45]} 15. Bb2
{[%clk 1:32:42]} g6 {[%clk 1:27:19]} 16. Bd3 {[%clk 1:31:19]} Bg7
{[%clk 1:12:10]} 17. a4 {[%clk 1:30:04]} d5 {[%clk 0:55:52]} 18. axb5
{[%clk 1:09:07]} axb5 {[%clk 0:48:09]} 19. exd5 {[%clk 1:02:55]} Rxa1
{[%clk 0:36:00]} 20. Qxa1 {[%clk 0:55:31]} Nxd5 {[%clk 0:31:38]} 21. Bxb5
{[%clk 0:52:35]} exd4 {[%clk 0:28:53]} 22. Rxe8+ {[%clk 0:49:39]} Qxe8
{[%clk 0:29:20]} 23. cxd4 {[%clk 0:49:47]} Qc8 {[%clk 0:27:48]} 24. Bf1
{[%clk 0:46:16]} N7b6 {[%clk 0:25:21]} 25. Qc1 {[%clk 0:40:32]} Qf5
{[%clk 0:21:06]} 26. Ne5 {[%clk 0:34:24]} Nd7 {[%clk 0:18:10]} 27. Nef3
{[%clk 0:27:28]} Nf8 {[%clk 0:16:48]} 28. Qc4 {[%clk 0:22:38]} Qc8
{[%clk 0:15:37]} 29. b4 {[%clk 0:19:46]} Ne6 {[%clk 0:15:03]} 30. Qb3
{[%clk 0:18:14]} Nb6 {[%clk 0:13:14]} 31. Ne5 {[%clk 0:09:26]} Bd5
{[%clk 0:13:18]} 32. Qa3 {[%clk 0:08:13]} Qe8 {[%clk 0:11:57]} 33. b5
{[%clk 0:06:52]} h5 {[%clk 0:08:39]} 34. Qa1 {[%clk 0:04:50]} Qe7
{[%clk 0:05:01]} 35. Ndc4 {[%clk 0:03:03]} Nxc4 {[%clk 0:04:16]} 36. Nxc4
{[%clk 0:03:15]} Bxc4 {[%clk 0:03:25]} 37. Bxc4 {[%clk 0:03:38]} Qb4
{[%clk 0:03:53]} 38. Qc1 {[%clk 0:01:12]} Nxd4 {[%clk 0:03:22]} 39. Ba3
{[%clk 0:01:26]} Qa5 {[%clk 0:02:22]} 40. Qe3 {[%clk 0:31:15]} Qa8
{[%clk 0:30:36]} 41. Qd3 {[%clk 0:26:16]} Nf5 {[%clk 0:25:30]} 42. Bd5
{[%clk 0:20:16]} Qe8 {[%clk 0:25:27]} 43. Bb4 {[%clk 0:18:27]} h4
{[%clk 0:20:48]} 44. Qc4 {[%clk 0:15:04]} Bd4 {[%clk 0:19:28]} 45. Bd2
{[%clk 0:11:51]} Qe7 {[%clk 0:19:17]} 46. Kf1 {[%clk 0:09:31]} Qf6
{[%clk 0:18:12]} 47. Bf3 {[%clk 0:08:17]} Qb6 {[%clk 0:14:28]} 48. Qe2
{[%clk 0:08:40]} Nd6 {[%clk 0:10:03]} 49. Bc6 {[%clk 0:08:27]} Qc5
{[%clk 0:08:53]} 50. Bf4 {[%clk 0:07:57]} Qf5 {[%clk 0:08:20]} 51. Qd2
{[%clk 0:06:55]} Nxb5 {[%clk 0:07:26]} 52. Kg1 {[%clk 0:05:42]} Nc3
{[%clk 0:07:11]} 53. Bxc7 {[%clk 0:04:59]} Qc5 {[%clk 0:06:10]} 54. Bf3
{[%clk 0:04:23]} Nb1 {[%clk 0:05:31]} 55. Qe1 {[%clk 0:04:25]} Qxc7
{[%clk 0:05:50]} 1/2-1/2

[Event "Team men PL final"]
[Site "Sochi"]
[Date "2018.05.05"]
[Round "5.18"]
[White "Frolov, Ivan"]
[Black "Lysyj, Igor"]
[Result "1/2-1/2"]
[BlackElo "2630"]
[WhiteElo "2243"]
[LiveChessVersion "1.4.8"]

1. Nf3 {[%clk 1:30:46]} d5 {[%clk 1:30:18]} 2. g3 {[%clk 1:31:03]} c6
{[%clk 1:30:39]} 3. Bg2 {[%clk 1:31:17]} Bg4 {[%clk 1:31:02]} 4. Ne5
{[%clk 1:30:42]} Bf5 {[%clk 1:31:11]} 5. d4 {[%clk 1:26:51]} Nd7 6. Bf4 e6
{[%clk 1:28:34]} 7. Nd2 {[%clk 1:26:48]} Ngf6 {[%clk 1:26:28]} 8. O-O
{[%clk 1:26:11]} Be7 {[%clk 1:22:32]} 9. c3 {[%clk 1:22:36]} O-O {[%clk 1:18:58]}
10. f3 {[%clk 1:20:46]} Nxe5 {[%clk 1:15:20]} 11. Bxe5 {[%clk 1:16:41]} Nd7
{[%clk 1:15:42]} 12. g4 {[%clk 1:15:49]} Bg6 {[%clk 1:14:34]} 13. Bg3
{[%clk 1:16:11]} e5 {[%clk 1:06:37]} 14. e3 {[%clk 1:12:42]} exd4
{[%clk 1:03:14]} 15. exd4 {[%clk 1:12:59]} f5 {[%clk 1:02:05]} 16. f4
{[%clk 1:08:54]} fxg4 {[%clk 1:00:19]} 17. Qxg4 {[%clk 1:09:03]} Nf6
{[%clk 0:52:16]} 18. Qe6+ {[%clk 1:04:18]} Bf7 {[%clk 0:52:09]} 19. Qe2
{[%clk 1:03:39]} Qd7 {[%clk 0:43:04]} 20. f5 {[%clk 1:01:53]} Rae8
{[%clk 0:41:53]} 21. Qd3 {[%clk 1:01:37]} Bh5 {[%clk 0:35:04]} 22. Nf3
{[%clk 0:58:24]} Bxf3 {[%clk 0:34:18]} 23. Bxf3 {[%clk 0:58:40]} Bd6
{[%clk 0:33:52]} 24. Rae1 {[%clk 0:56:49]} Qc7 {[%clk 0:27:26]} 25. Kg2
{[%clk 0:56:50]} Bxg3 {[%clk 0:27:22]} 26. hxg3 {[%clk 0:57:15]} Re7
{[%clk 0:27:21]} 27. Rxe7 {[%clk 0:49:13]} Qxe7 {[%clk 0:27:43]} 28. Rf2
{[%clk 0:47:24]} Qf7 {[%clk 0:20:17]} 29. g4 {[%clk 0:46:34]} h6 {[%clk 0:18:43]}
30. Re2 {[%clk 0:46:20]} Re8 {[%clk 0:17:39]} 31. Rxe8+ {[%clk 0:45:56]} Nxe8
{[%clk 0:13:28]} 32. Qe3 {[%clk 0:46:03]} Nd6 {[%clk 0:13:21]} 33. Qe5
{[%clk 0:46:13]} Qf6 {[%clk 0:13:42]} 34. Qxf6 {[%clk 0:40:30]} gxf6
{[%clk 0:14:06]} 35. Be2 {[%clk 0:39:55]} Kf7 {[%clk 0:13:34]} 36. Bd3
{[%clk 0:39:57]} a5 {[%clk 0:11:50]} 37. Kg3 {[%clk 0:39:55]} Kf8
{[%clk 0:11:17]} 38. Kh4 {[%clk 0:39:56]} b6 {[%clk 0:08:17]} 39. a4
{[%clk 0:29:08]} b5 {[%clk 0:05:37]} 40. b3 {[%clk 0:54:10]} Kf7 {[%clk 0:33:07]}
41. Kh5 {[%clk 0:50:45]} bxa4 {[%clk 0:26:32]} 42. bxa4 {[%clk 0:51:11]} Kg7
{[%clk 0:24:34]} 43. Kh4 {[%clk 0:51:16]} Nc8 {[%clk 0:22:29]} 44. Bc2
{[%clk 0:51:28]} Nb6 {[%clk 0:22:17]} 45. Bb3 {[%clk 0:50:43]} Na8
{[%clk 0:21:32]} 46. Bc2 {[%clk 0:48:58]} Nb6 {[%clk 0:21:46]} 47. Bb3
{[%clk 0:49:23]} Nc8 {[%clk 0:22:11]} 48. Bc2 {[%clk 0:49:48]} Nd6
{[%clk 0:22:35]} 49. Bd3 {[%clk 0:50:14]} Nf7 {[%clk 0:20:46]} 50. Bf1
{[%clk 0:49:46]} Ng5 {[%clk 0:16:09]} 51. Bg2 {[%clk 0:48:45]} Kf8
{[%clk 0:13:16]} 52. Kh5 {[%clk 0:49:00]} Kg7 {[%clk 0:13:42]} 53. Kh4
{[%clk 0:49:26]} Kf8 {[%clk 0:14:07]} 1/2-1/2

[Event "Team men PL final"]
[Site "Sochi"]
[Date "2018.05.05"]
[Round "5.20"]
[White "Bocharov, Dmitry"]
[Black "Inarkiev, Ernesto"]
[Result "0-1"]
[BlackElo "2686"]
[WhiteElo "2594"]
[LiveChessVersion "1.4.8"]

1. c4 {[%clk 1:30:56]} e5 {[%clk 1:30:40]} 2. d3 {[%clk 1:30:58]} Nf6
{[%clk 1:30:48]} 3. Nf3 {[%clk 1:31:20]} Nc6 {[%clk 1:31:14]} 4. a3
{[%clk 1:31:29]} d5 {[%clk 1:31:38]} 5. cxd5 {[%clk 1:31:47]} Nxd5
{[%clk 1:32:03]} 6. e4 {[%clk 1:30:56]} Nb6 {[%clk 1:32:25]} 7. Be3
{[%clk 1:30:31]} Bd6 {[%clk 1:32:20]} 8. Be2 {[%clk 1:27:59]} O-O
{[%clk 1:32:42]} 9. O-O {[%clk 1:27:27]} Nd4 {[%clk 1:31:56]} 10. Nxd4
{[%clk 1:20:06]} exd4 {[%clk 1:32:20]} 11. Bc1 {[%clk 1:15:22]} Kh8
{[%clk 1:32:38]} 12. Nd2 {[%clk 1:15:05]} c5 {[%clk 1:32:41]} 13. a4
{[%clk 1:10:42]} Be6 {[%clk 1:31:00]} 14. a5 {[%clk 1:02:57]} Nd7
{[%clk 1:30:49]} 15. f4 {[%clk 0:58:31]} f5 {[%clk 1:28:30]} 16. e5
{[%clk 0:52:17]} Be7 {[%clk 1:20:12]} 17. Bf3 {[%clk 0:45:53]} Rb8
{[%clk 1:16:48]} 18. Nc4 {[%clk 0:45:38]} Qc7 {[%clk 1:04:32]} 19. Bd2
{[%clk 0:43:15]} Rfc8 {[%clk 1:04:54]} 20. Na3 {[%clk 0:24:38]} b5
{[%clk 0:42:47]} 21. axb6 {[%clk 0:24:20]} Nxb6 {[%clk 0:43:04]} 22. b3
{[%clk 0:16:21]} Qd7 {[%clk 0:43:05]} 23. Nc4 {[%clk 0:15:54]} Nd5
{[%clk 0:43:29]} 24. Rf2 {[%clk 0:09:53]} Ne3 {[%clk 0:37:13]} 25. Nxe3
{[%clk 0:09:02]} dxe3 {[%clk 0:36:43]} 26. Bxe3 {[%clk 0:09:26]} Bxb3
{[%clk 0:34:35]} 27. Qf1 {[%clk 0:07:26]} Bd8 {[%clk 0:33:55]} 28. Bd1
{[%clk 0:01:19]} a5 {[%clk 0:26:31]} 29. Ra3 {[%clk 0:00:35]} c4 {[%clk 0:25:37]}
30. Rd2 {[%clk 0:00:33]} c3 {[%clk 0:19:05]} 31. Rf2 {[%clk 0:00:41]} a4
{[%clk 0:08:16]} 32. Bc2 {[%clk 0:00:40]} Be7 {[%clk 0:08:42]} 33. Ra1
{[%clk 0:01:04]} a3 {[%clk 0:09:09]} 34. d4 {[%clk 0:01:23]} g6 {[%clk 0:07:51]}
35. Qd1 {[%clk 0:01:20]} Qd5 {[%clk 0:07:46]} 36. Qd3 {[%clk 0:01:32]} Bxc2
{[%clk 0:05:21]} 37. Rxc2 {[%clk 0:01:55]} Rb2 {[%clk 0:05:46]} 38. h3
{[%clk 0:01:18]} Kg7 {[%clk 0:03:58]} 39. Bf2 {[%clk 0:01:28]} Qc4
{[%clk 0:01:56]} 40. Qxc4 {[%clk 0:30:50]} Rxc4 {[%clk 0:32:25]} 41. Rcc1
{[%clk 0:30:57]} a2 {[%clk 0:14:18]} 42. Kf1 {[%clk 0:28:42]} Ba3
{[%clk 0:13:06]} 43. Be3 {[%clk 0:28:54]} c2 {[%clk 0:12:12]} 44. Re1
{[%clk 0:28:16]} Rb3 {[%clk 0:11:01]} 45. Kf2 {[%clk 0:12:43]} Rxe3
{[%clk 0:11:12]} 46. Kxe3 {[%clk 0:12:52]} c1=Q+ {[%clk 0:11:35]} 47. Rexc1
{[%clk 0:13:08]} Bxc1+ {[%clk 0:12:00]} 0-1

[Event "Team men PL final"]
[Site "Sochi"]
[Date "2018.05.05"]
[Round "5.21"]
[White "Najer, Evgeniy"]
[Black "Maletin, Pavel"]
[Result "1/2-1/2"]
[BlackElo "2572"]
[WhiteElo "2667"]
[LiveChessVersion "1.4.8"]

1. e4 {[%clk 1:30:48]} e5 {[%clk 1:30:51]} 2. Nf3 {[%clk 1:31:06]} Nc6
{[%clk 1:31:08]} 3. Bc4 {[%clk 1:31:24]} Bc5 {[%clk 1:31:30]} 4. c3
{[%clk 1:31:43]} Nf6 {[%clk 1:31:53]} 5. d3 {[%clk 1:32:08]} d6 {[%clk 1:32:02]}
6. Bg5 {[%clk 1:32:12]} h6 {[%clk 1:30:40]} 7. Bh4 {[%clk 1:32:20]} a6
{[%clk 1:29:32]} 8. a4 {[%clk 1:32:30]} Ba7 {[%clk 1:28:35]} 9. Nbd2
{[%clk 1:30:54]} g5 {[%clk 1:27:41]} 10. Bg3 {[%clk 1:31:16]} O-O
{[%clk 1:24:25]} 11. h3 {[%clk 1:30:36]} Nh5 {[%clk 1:11:32]} 12. Bh2
{[%clk 1:30:40]} Qf6 {[%clk 1:11:42]} 13. g4 {[%clk 1:30:55]} Nf4
{[%clk 1:02:11]} 14. Bxf4 {[%clk 1:30:02]} Qxf4 {[%clk 0:56:36]} 15. Nf1
{[%clk 1:30:15]} h5 {[%clk 0:41:38]} 16. Qd2 {[%clk 1:21:17]} Qxf3
{[%clk 0:28:44]} 17. Qxg5+ {[%clk 1:21:10]} Kh7 {[%clk 0:29:04]} 18. Qxh5+
{[%clk 1:21:11]} Kg7 {[%clk 0:29:21]} 19. Qg5+ {[%clk 1:21:35]} Kh7
{[%clk 0:29:46]} 20. Qh5+ {[%clk 1:21:54]} Kg7 {[%clk 0:30:11]} 21. Qg5+
{[%clk 1:22:07]} Kh7 {[%clk 0:30:24]} 22. Qh5+ 1/2-1/2

[Event "Team men PL final"]
[Site "Sochi"]
[Date "2018.05.05"]
[Round "5.22"]
[White "Tsydypov, Zhamsaran"]
[Black "Motylev, Alexander"]
[Result "1/2-1/2"]
[BlackElo "2660"]
[WhiteElo "2525"]
[LiveChessVersion "1.4.8"]

1. Nf3 {[%clk 1:29:31]} d5 {[%clk 1:30:38]} 2. g3 {[%clk 1:29:04]} g6
{[%clk 1:30:36]} 3. Bg2 {[%clk 1:28:54]} Bg7 {[%clk 1:31:00]} 4. O-O
{[%clk 1:28:22]} e5 {[%clk 1:30:56]} 5. c4 {[%clk 1:28:21]} dxc4 {[%clk 1:30:22]}
6. Qa4+ {[%clk 1:24:49]} Nc6 {[%clk 1:30:26]} 7. Nc3 {[%clk 1:23:20]} Nge7
{[%clk 1:30:01]} 8. Qxc4 {[%clk 1:21:18]} O-O {[%clk 1:30:19]} 9. d3
{[%clk 1:21:08]} h6 {[%clk 1:29:30]} 10. Be3 {[%clk 1:13:13]} Nf5
{[%clk 1:25:05]} 11. Bc5 {[%clk 1:13:00]} Re8 {[%clk 1:25:25]} 12. e3
{[%clk 1:10:49]} Be6 {[%clk 0:47:59]} 13. Qa4 {[%clk 1:06:19]} a5
{[%clk 0:40:02]} 14. Rfd1 {[%clk 0:57:27]} Bd7 {[%clk 0:39:31]} 15. Qb3
{[%clk 0:54:08]} b6 {[%clk 0:36:01]} 16. Ba3 {[%clk 0:54:28]} Be6
{[%clk 0:35:32]} 17. Qa4 {[%clk 0:52:40]} Bd7 {[%clk 0:29:31]} 18. Qb3
{[%clk 0:49:40]} Be6 {[%clk 0:28:55]} 19. Qa4 {[%clk 0:45:57]} Bd7
{[%clk 0:28:51]} 20. Qb3 {[%clk 0:37:54]} Be6 1/2-1/2

[Event "Team men PL final"]
[Site "Sochi"]
[Date "2018.05.05"]
[Round "5.23"]
[White "Grachev, Boris"]
[Black "Bocharov, Ivan"]
[Result "1/2-1/2"]
[BlackElo "2547"]
[WhiteElo "2647"]
[LiveChessVersion "1.4.8"]

1. Nf3 {[%clk 1:30:31]} Nf6 {[%clk 1:30:54]} 2. c4 {[%clk 1:30:55]} c6
{[%clk 1:31:18]} 3. Nc3 {[%clk 1:30:10]} d5 {[%clk 1:31:39]} 4. e3
{[%clk 1:30:33]} a6 {[%clk 1:30:21]} 5. h3 {[%clk 1:28:05]} h6 {[%clk 1:22:53]}
6. Qc2 {[%clk 1:11:58]} b5 {[%clk 1:06:15]} 7. b3 {[%clk 1:10:08]} e6
{[%clk 1:05:33]} 8. d4 {[%clk 1:05:23]} Bb7 {[%clk 1:04:20]} 9. Bd3
{[%clk 0:57:05]} bxc4 {[%clk 0:52:19]} 10. bxc4 {[%clk 0:57:29]} dxc4
{[%clk 0:52:43]} 11. Bxc4 {[%clk 0:55:00]} c5 {[%clk 0:51:40]} 12. Ne5
{[%clk 0:45:09]} Qc8 {[%clk 0:50:15]} 13. Rb1 {[%clk 0:38:45]} cxd4
{[%clk 0:46:20]} 14. exd4 {[%clk 0:37:20]} Bd6 {[%clk 0:44:28]} 15. Bxe6
{[%clk 0:18:27]} Qxe6 {[%clk 0:43:09]} 16. Rxb7 {[%clk 0:18:47]} Bxe5
{[%clk 0:43:16]} 17. dxe5 {[%clk 0:18:47]} Qxe5+ {[%clk 0:43:39]} 18. Qe2
{[%clk 0:17:45]} Qxe2+ {[%clk 0:43:58]} 19. Kxe2 {[%clk 0:17:54]} O-O
{[%clk 0:43:42]} 20. Be3 {[%clk 0:15:23]} Nc6 {[%clk 0:42:05]} 21. Rc7
{[%clk 0:14:29]} Nb4 {[%clk 0:37:08]} 22. Rd1 {[%clk 0:12:53]} Rad8
{[%clk 0:29:46]} 23. Rxd8 {[%clk 0:11:07]} Rxd8 {[%clk 0:30:16]} 24. Rc4
{[%clk 0:08:40]} Nfd5 {[%clk 0:25:22]} 25. Nxd5 {[%clk 0:08:31]} Nxd5
{[%clk 0:25:52]} 26. Bd2 {[%clk 0:07:25]} Rd6 {[%clk 0:25:25]} 27. g4
{[%clk 0:06:03]} g5 {[%clk 0:21:43]} 28. Kf3 {[%clk 0:05:11]} Rf6+
{[%clk 0:19:42]} 29. Kg3 {[%clk 0:05:13]} Re6 {[%clk 0:11:43]} 30. Rd4
{[%clk 0:04:21]} Re5 {[%clk 0:11:57]} 31. Kf3 {[%clk 0:04:11]} f6
{[%clk 0:09:10]} 32. Ra4 {[%clk 0:04:01]} Re6 {[%clk 0:09:40]} 33. Ra5
{[%clk 0:03:21]} Ne7 {[%clk 0:09:27]} 34. Rc5 {[%clk 0:03:12]} Ng6
{[%clk 0:08:18]} 35. Rc8+ {[%clk 0:03:27]} Kf7 {[%clk 0:08:16]} 36. Rc7+
{[%clk 0:03:51]} Kg8 {[%clk 0:06:39]} 37. Rc8+ {[%clk 0:04:17]} Kf7
{[%clk 0:07:07]} 38. Rc7+ {[%clk 0:04:42]} Kg8 {[%clk 0:07:36]} 39. Be3
{[%clk 0:03:42]} Nh4+ {[%clk 0:06:11]} 40. Ke2 {[%clk 0:32:23]} f5
{[%clk 0:36:41]} 41. gxf5 {[%clk 0:17:43]} 1/2-1/2

[Event "Team men PL final"]
[Site "Sochi"]
[Date "2018.05.05"]
[Round "5.24"]
[White "Khanin, Semen"]
[Black "Oparin, Grigoriy"]
[Result "1/2-1/2"]
[BlackElo "2584"]
[WhiteElo "2477"]
[LiveChessVersion "1.4.8"]

1. e4 {[%clk 1:30:56]} c6 {[%clk 1:30:56]} 2. d4 {[%clk 1:31:19]} d5
{[%clk 1:31:22]} 3. Nd2 {[%clk 1:31:38]} dxe4 {[%clk 1:31:46]} 4. Nxe4
{[%clk 1:32:04]} Nf6 {[%clk 1:32:13]} 5. Nxf6+ {[%clk 1:32:27]} exf6
{[%clk 1:32:38]} 6. c3 {[%clk 1:32:46]} Bd6 {[%clk 1:33:04]} 7. Bd3
{[%clk 1:33:03]} O-O {[%clk 1:33:28]} 8. Qc2 {[%clk 1:33:07]} Re8+
{[%clk 1:33:51]} 9. Ne2 {[%clk 1:33:31]} h5 {[%clk 1:34:17]} 10. h3
{[%clk 1:24:13]} Nd7 {[%clk 1:27:38]} 11. Be3 {[%clk 1:21:24]} Nf8
{[%clk 1:26:57]} 12. O-O-O {[%clk 1:17:40]} Be6 {[%clk 1:26:47]} 13. Kb1
{[%clk 1:14:40]} Bd5 {[%clk 1:26:58]} 14. Rdg1 {[%clk 0:37:55]} b5
{[%clk 1:26:54]} 15. Nf4 {[%clk 0:38:02]} Bxf4 {[%clk 1:26:54]} 16. Bxf4
{[%clk 0:38:29]} Ne6 {[%clk 1:19:02]} 17. Be3 {[%clk 0:37:50]} Qd6
{[%clk 1:09:13]} 18. f3 {[%clk 0:32:52]} Re7 {[%clk 1:03:16]} 19. Re1
{[%clk 0:32:58]} Rae8 {[%clk 1:02:03]} 20. Re2 {[%clk 0:32:35]} a5
{[%clk 0:47:59]} 21. Rhe1 {[%clk 0:32:34]} a4 {[%clk 0:48:12]} 22. Bc1
{[%clk 0:27:19]} Kf8 {[%clk 0:43:44]} 23. Be4 {[%clk 0:22:55]} Bc4
{[%clk 0:42:45]} 24. Bd3 {[%clk 0:23:10]} Bd5 {[%clk 0:43:07]} 25. Be4
{[%clk 0:23:36]} Bc4 {[%clk 0:41:48]} 26. Bd3 {[%clk 0:24:02]} Bd5 1/2-1/2

[Event "Team men PL final"]
[Site "Sochi"]
[Date "2018.05.05"]
[Round "5.25"]
[White "Potkin, Vladimir"]
[Black "Sarana, Alexey"]
[Result "1/2-1/2"]
[BlackElo "2587"]
[WhiteElo "2574"]
[LiveChessVersion "1.4.8"]

1. Nf3 {[%clk 1:30:56]} d5 {[%clk 1:30:50]} 2. d4 {[%clk 1:30:57]} Nf6
{[%clk 1:31:16]} 3. c4 {[%clk 1:31:21]} e6 {[%clk 1:31:41]} 4. Nc3
{[%clk 1:31:40]} Bb4 {[%clk 1:32:00]} 5. e3 {[%clk 1:27:21]} O-O {[%clk 1:32:17]}
6. Bd3 {[%clk 1:24:49]} c5 {[%clk 1:32:37]} 7. O-O {[%clk 1:24:29]} cxd4
{[%clk 1:32:46]} 8. exd4 {[%clk 1:24:55]} dxc4 {[%clk 1:33:09]} 9. Bxc4
{[%clk 1:25:22]} b6 {[%clk 1:33:33]} 10. Qe2 {[%clk 1:23:44]} Nc6
{[%clk 1:33:41]} 11. Rd1 {[%clk 1:23:21]} Na5 {[%clk 1:33:23]} 12. Bd3
{[%clk 1:22:11]} Bb7 {[%clk 1:33:43]} 13. Bg5 {[%clk 1:20:59]} Be7
{[%clk 1:27:56]} 14. Rac1 {[%clk 1:14:54]} Rc8 {[%clk 1:09:42]} 15. Ba6
{[%clk 1:03:27]} Nd5 {[%clk 0:52:03]} 16. Nxd5 {[%clk 0:40:15]} Bxg5
{[%clk 0:51:50]} 17. Rxc8 {[%clk 0:38:29]} Bxc8 {[%clk 0:51:55]} 18. Ne3
{[%clk 0:33:17]} Bf4 {[%clk 0:47:40]} 19. Rc1 {[%clk 0:27:33]} Qd7
{[%clk 0:45:40]} 20. Bb5 {[%clk 0:25:00]} Qd6 {[%clk 0:45:10]} 21. Ba6
{[%clk 0:19:47]} Bd7 {[%clk 0:45:13]} 22. g3 {[%clk 0:19:28]} Bxe3
{[%clk 0:44:40]} 23. fxe3 {[%clk 0:19:02]} Bc6 {[%clk 0:41:51]} 24. Bd3
{[%clk 0:16:44]} Ba8 {[%clk 0:40:24]} 25. Kf2 {[%clk 0:15:06]} Nc6
{[%clk 0:37:10]} 26. Be4 {[%clk 0:12:40]} f5 {[%clk 0:37:20]} 27. Bxc6
{[%clk 0:11:57]} Bxc6 {[%clk 0:37:48]} 28. Ne5 {[%clk 0:12:14]} Bd5
{[%clk 0:37:50]} 29. a3 {[%clk 0:11:00]} Qe7 {[%clk 0:37:37]} 30. Rc3
{[%clk 0:10:32]} Ba8 {[%clk 0:35:37]} 31. Qc4 {[%clk 0:08:21]} Qe8
{[%clk 0:35:10]} 32. Ke1 {[%clk 0:07:57]} Bd5 {[%clk 0:35:07]} 33. Qe2
{[%clk 0:07:49]} Qe7 {[%clk 0:34:57]} 34. Kd2 {[%clk 0:07:49]} Rd8
{[%clk 0:34:33]} 35. Kc1 {[%clk 0:07:43]} Qb7 {[%clk 0:33:53]} 36. Qc2
{[%clk 0:07:33]} Qa6 {[%clk 0:33:39]} 37. Qd3 {[%clk 0:07:22]} Qb7
{[%clk 0:33:05]} 38. Qc2 {[%clk 0:07:33]} Qa6 {[%clk 0:33:29]} 39. Qd3
{[%clk 0:05:58]} Qb7 {[%clk 0:33:44]} 40. Qc2 Qa6 1/2-1/2